[Event "Verbandsliga Nordbaden 2223"]
[Site "Germany"]
[Date "2023.05.07"]
[Round "9.2"]
[White "Buecker, Stefan"]
[Black "Welz, Thomas"]
[Result "1-0"]
[WhiteElo "2278"]
[BlackElo "2170"]
[PlyCount "72"]
[EventDate "2022.09.25"]
[EventType "team-tourn"]
[EventRounds "9"]
[EventCountry "GER"]
[SourceTitle "EXT 2024"]
[Source "ChessBase"]
[SourceDate "2023.10.10"]
[SourceVersion "1"]
[SourceVersionDate "2023.10.10"]
[SourceQuality "1"]
[WhiteTeam "Pforzheim"]
[BlackTeam "Eppingen II"]
[WhiteTeamCountry "GER"]
[BlackTeamCountry "GER"]

1. e4 d6 2. Nc3 e5 3. d4 c6 4. Be3 Nd7 5. Qd2 Ngf6 6. f3 Qc7 7. a4 b6 8. Bc4 a6 9. d5 c5 10. g4 Be7 11. Qg2 Nf8 12. Nge2 Ng6 13. Ng3 Nh4 14. Qe2 Qd8 15. Nf5 Nxf5 16. exf5 Nd7 17. Ne4 Bh4+ 18. Kf1 Nf6 19. Nc3 0-0 20. Kg2 h6 21. Raf1 Bb7 22. Rd1 Re8 23. Rhg1 Qe7 24. Kh1 Nh7 25. Rg2 Ng5 26. Bd3 Nh3 27. Be4 Bg5 28. Rg3 Bxe3 29. Rxh3 Bf4 30. Bd3 Qd8 31. Qe4 Kf8 32. Ne2 Bg5 33. Rh5 Bc8 34. Kg2 Bd7 35. Nc3 Qb8 36. h4 Bf4 1-0

[Event "Verbandsliga Nordbaden 1920"]
[Site "Baden"]
[Date "2019.11.10"]
[Round "2.1"]
[White "Engel, Berthold"]
[Black "Buecker, Stefan"]
[Result "0-1"]
[WhiteElo "2147"]
[BlackElo "2278"]
[PlyCount "82"]
[EventDate "2019.09.29"]
[EventType "team-tourn"]
[EventRounds "9"]
[EventCountry "GER"]
[SourceTitle "EXT 2021"]
[Source "ChessBase"]
[SourceDate "2020.10.23"]
[SourceVersion "1"]
[SourceVersionDate "2020.10.23"]
[SourceQuality "1"]
[WhiteTeam "Buchen II"]
[BlackTeam "Pforzheim"]
[WhiteTeamCountry "GER"]
[BlackTeamCountry "GER"]

1. Nf3 d6 2. d4 Nf6 3. Bg5 Nbd7 4. e3 e5 5. Be2 Be7 6. 0-0 0-0 7. c4 Re8 8. Nc3 c6 9. Qc2 Qc7 10. Rfd1 Nf8 11. Rac1 h6 12. Bh4 Bg4 13. h3 Bxf3 14. Bxf3 Rad8 15. dxe5 dxe5 16. Bg3 Bd6 17. Ne4 Nxe4 18. Bxe4 Qe7 19. c5 Bc7 20. b4 g6 21. b5 f5 22. Bd3 f4 23. Bxg6 fxg3 24. Bxe8 gxf2+ 25. Qxf2 Qxe8 26. Rxd8 Bxd8 27. bxc6 bxc6 28. Rc4 h5 29. Rb4 Qe7 30. Rb8 Kg7 31. Qf3 Bc7 32. Rc8 e4 33. Qxh5 Ng6 34. Qf5 Nh4 35. Qg4+ Ng6 36. Qd1 Kh6 37. Qd4 Be5 38. Qc4 Qd7 39. Ra8 Qd1+ 40. Kf2 Qd2+ 41. Kf1 Bg3 0-1

[Event "Baden-ch"]
[Site "Niefern"]
[Date "2019.07.24"]
[Round "1"]
[White "Schrems, Hermann"]
[Black "Buecker, Stefan"]
[Result "0-1"]
[WhiteElo "2060"]
[BlackElo "2290"]
[PlyCount "76"]
[EventDate "2019.07.24"]
[EventType "swiss"]
[EventRounds "7"]
[EventCountry "GER"]
[SourceTitle "CBM 191 Extra"]
[Source "ChessBase"]
[SourceDate "2019.09.30"]
[SourceVersion "1"]
[SourceVersionDate "2019.09.30"]
[SourceQuality "1"]

1. d4 Nc6 2. d5 Ne5 3. f4 Ng6 4. e4 e6 5. dxe6 fxe6 6. Nf3 d5 7. Nc3 Bb4 8. exd5 exd5 9. Qe2+ Qe7 10. Bd2 c6 11. g3 Nf6 12. Qxe7+ Nxe7 13. Bd3 0-0 14. Ne2 Bd6 15. 0-0-0 Bg4 16. Rhf1 Bc5 17. Nfg1 Rae8 18. h3 Bf5 19. g4 Be4 20. Nf3 Nf5 21. Rde1 Bxf3 22. Rxf3 Nh4 23. Rff1 Ng2 24. Rd1 Ne3 25. Bxe3 Rxe3 26. Ng1 Rg3 27. Bf5 g6 28. Be6+ Kg7 29. c4 Be3+ 30. Kc2 Rg2+ 31. Kd3 Bxg1 32. Rxg1 Rxb2 33. Rb1 dxc4+ 34. Kxc4 b5+ 35. Kc3 Rh2 36. a4 Rxh3+ 37. Kb4 Ne4 38. axb5 c5+ 0-1

[Event "Verbandsliga Nordbaden 1819"]
[Site "Baden"]
[Date "2019.03.31"]
[Round "8.1"]
[White "Buecker, Stefan"]
[Black "Sipos, Istvan"]
[Result "1/2-1/2"]
[WhiteElo "2290"]
[BlackElo "2480"]
[PlyCount "99"]
[EventDate "2018.10.14"]
[EventType "team-tourn"]
[EventRounds "9"]
[EventCountry "GER"]
[SourceTitle "EXT 2020"]
[Source "ChessBase"]
[SourceDate "2019.10.17"]
[SourceVersion "1"]
[SourceVersionDate "2019.10.17"]
[SourceQuality "1"]
[WhiteTeam "Pforzheim"]
[BlackTeam "Buchen II"]
[WhiteTeamCountry "GER"]
[BlackTeamCountry "GER"]

1. b3 e5 2. Bb2 Nc6 3. Nf3 e4 4. Nd4 Nf6 5. e3 Bc5 6. Nf5 g6 7. Ng3 d5 8. d3 exd3 9. Bxd3 0-0 10. 0-0 Re8 11. Nc3 Bf8 12. Bb5 Bg7 13. Na4 Qd6 14. c4 Bg4 15. Qd2 a6 16. Bxc6 bxc6 17. cxd5 cxd5 18. Rfc1 h5 19. f3 h4 20. Nf1 Bd7 21. Nc5 Bb5 22. Rc2 Re7 23. a4 Bxf1 24. Rxf1 Rae8 25. Bd4 Nh5 26. Bxg7 Nxg7 27. e4 Qb6 28. Qf2 h3 29. gxh3 Ne6 30. Nxe6 Qxe6 31. exd5 Qxd5 32. b4 Qd7 33. Ra1 Qxh3 34. b5 Qc8 35. Ra3 Re1+ 36. Kg2 axb5 37. axb5 Qf5 38. Rc5 R1e5 39. Rxe5 Rxe5 40. Ra8+ Kh7 41. Ra4 Qg5+ 42. Rg4 Qf5 43. Qd4 Qf6 44. Re4 Qg5+ 45. Rg4 Qe7 46. Rh4+ Kg8 47. Kg3 f5 48. Qc4+ Kg7 49. Qc3 Qc5 50. Qxc5 1/2-1/2

[Event "Verbandsliga Nordbaden 1819"]
[Site "Baden"]
[Date "2018.12.02"]
[Round "3.1"]
[White "Buecker, Stefan"]
[Black "Chernov, Vadim A"]
[Result "1/2-1/2"]
[WhiteElo "2290"]
[BlackElo "2359"]
[PlyCount "70"]
[EventDate "2018.10.14"]
[EventType "team-tourn"]
[EventRounds "9"]
[EventCountry "GER"]
[SourceTitle "EXT 2020"]
[Source "ChessBase"]
[SourceDate "2019.10.17"]
[SourceVersion "1"]
[SourceVersionDate "2019.10.17"]
[SourceQuality "1"]
[WhiteTeam "Pforzheim"]
[BlackTeam "Ladenburg"]
[WhiteTeamCountry "GER"]
[BlackTeamCountry "GER"]

1. e4 c5 2. Nc3 Nc6 3. g3 g6 4. Bg2 Bg7 5. d3 d6 6. Be3 e5 7. Qd2 Nge7 8. Bh6 Bxh6 9. Qxh6 Be6 10. Nf3 Nd4 11. Nxd4 cxd4 12. Nd1 Qa5+ 13. Qd2 Qxd2+ 14. Kxd2 0-0 15. c4 Rab8 16. Rc1 Rfc8 17. f4 b5 18. b3 bxc4 19. dxc4 Nc6 20. Bf1 a5 21. Nb2 Nb4 22. Ra1 f5 23. Bg2 fxe4 24. Bxe4 exf4 25. gxf4 d5 26. cxd5 Bxd5 27. Bxd5+ Nxd5 28. Nd3 Rf8 29. Rhf1 Rbc8 30. Rac1 Rxc1 31. Kxc1 Rf5 32. Kd2 Rh5 33. Rf2 Nc3 34. Ke1 Rh3 35. Ne5 Kg7 1/2-1/2

[Event "Baden-ch"]
[Site "Sasbach"]
[Date "2018.07.28"]
[Round "6"]
[White "Rosner, Jonas"]
[Black "Buecker, Stefan"]
[Result "1/2-1/2"]
[WhiteElo "2412"]
[BlackElo "2280"]
[PlyCount "53"]
[EventDate "2018.07.25"]
[EventType "swiss"]
[EventRounds "7"]
[EventCountry "GER"]
[SourceTitle "CBM 186 Extra"]
[Source "ChessBase"]
[SourceDate "2018.08.24"]
[SourceVersion "1"]
[SourceVersionDate "2018.08.24"]
[SourceQuality "1"]

1. e4 e5 2. Nf3 Nc6 3. Bb5 a6 4. Bxc6 dxc6 5. 0-0 Bg4 6. h3 Bh5 7. g4 Bg6 8. Nxe5 Ne7 9. d3 h5 10. Bf4 hxg4 11. hxg4 f6 12. Nc4 Qd7 13. Nbd2 Bf7 14. Bg3 Be6 15. Ne3 0-0-0 16. Kg2 g6 17. Rh1 Bg7 18. Qe2 Qd4 19. b3 Rhf8 20. Rae1 Bg8 21. Nf3 Qd7 22. Nd2 Rde8 23. Qd1 b6 24. f4 f5 25. Nf3 Bc3 26. Re2 c5 27. a4 1/2-1/2

[Event "Baden-ch"]
[Site "Sasbach"]
[Date "2018.07.27"]
[Round "3"]
[White "Beikert, Guenther"]
[Black "Buecker, Stefan"]
[Result "1/2-1/2"]
[WhiteElo "2414"]
[BlackElo "2280"]
[PlyCount "118"]
[EventDate "2018.07.25"]
[EventType "swiss"]
[EventRounds "7"]
[EventCountry "GER"]
[SourceTitle "CBM 186 Extra"]
[Source "ChessBase"]
[SourceDate "2018.08.24"]
[SourceVersion "1"]
[SourceVersionDate "2018.08.24"]
[SourceQuality "1"]

1. e4 e5 2. Nf3 Nc6 3. Bb5 a6 4. Ba4 f5 5. d4 exd4 6. e5 b5 7. Bb3 Bb7 8. 0-0 Na5 9. Nxd4 c5 10. Nxf5 c4 11. Qg4 Qb6 12. Nd6+ Bxd6 13. exd6 0-0-0 14. Qxg7 Qxd6 15. Bg5 Rf8 16. Qxh8 Qd5 17. f3 Qxg5 18. Kh1 Re8 19. Qxh7 Nf6 20. Qh3 cxb3 21. axb3 b4 22. Qg3 Qxg3 23. hxg3 Nc6 24. c3 a5 25. Nd2 bxc3 26. bxc3 d5 27. Rfe1 Rg8 28. g4 Nd7 29. Re3 Kc7 30. Rae1 Nc5 31. Re8 Rg6 32. Kh2 Bc8 33. Kg3 Be6 34. Kh4 Kd6 35. Ra8 Nd3 36. Re3 Nde5 37. g5 Rg7 38. g4 Rf7 39. Kg3 Bd7 40. Rh8 Rg7 41. f4 Nxg4 42. Re1 Kc7 43. c4 d4 44. Nf3 Ne3 45. Nxd4 Nxd4 46. Rxe3 Nf5+ 47. Kf2 Nxe3 48. Kxe3 a4 49. bxa4 Bxa4 50. Kd4 Bc2 51. Ra8 Kb7 52. Rf8 Rd7+ 53. Kc3 Be4 54. f5 Rd3+ 55. Kb4 Rg3 56. Rf7+ Kc6 57. Rf6+ Kc7 58. g6 Bxf5 59. Rxf5 Rxg6 1/2-1/2

[Event "Baden-ch op"]
[Site "Walldorf"]
[Date "2017.07.28"]
[Round "5"]
[White "Faerber, David"]
[Black "Buecker, Stefan"]
[Result "1-0"]
[WhiteElo "2285"]
[BlackElo "2291"]
[PlyCount "108"]
[EventDate "2017.07.26"]
[EventType "swiss"]
[EventRounds "7"]
[EventCountry "GER"]
[SourceTitle "CBM 179 Extra"]
[Source "ChessBase"]
[SourceDate "2017.08.23"]
[SourceVersion "1"]
[SourceVersionDate "2017.08.23"]
[SourceQuality "1"]

1. e4 d5 2. exd5 Nf6 3. Bb5+ Nbd7 4. c4 e5 5. dxe6 fxe6 6. d4 c6 7. Ba4 e5 8. Ne2 exd4 9. Nxd4 Nb6 10. Bb3 Bb4+ 11. Nc3 Bg4 12. f3 Qe7+ 13. Qe2 0-0-0 14. Qxe7 Bxe7 15. Be3 c5 16. Ndb5 a6 17. Na3 Bd7 18. 0-0-0 Bc6 19. Rhe1 Rxd1+ 20. Bxd1 Bd6 21. Bg1 h5 22. Bc2 Kc7 23. Ne4 Bxe4 24. Bxe4 Re8 25. Kd2 Bf4+ 26. Kc2 Nxe4 27. Rxe4 Rxe4 28. fxe4 Nd7 29. Nb1 Kd6 30. Nc3 Be5 31. Nd5 b5 32. b3 b4 33. Kd3 h4 34. h3 Bg3 35. Be3 Ne5+ 36. Ke2 Ng6 37. Bc1 a5 38. Bg5 Kd7 39. Nb6+ Kc7 40. Na4 Kc6 41. Be3 Bd6 42. Nb2 Ne5 43. Nd3 Nd7 44. Kf3 a4 45. Kg4 a3 46. Kxh4 Nb6 47. Ne1 Kd7 48. Kg4 Ke6 49. Kf3 Be7 50. g3 g5 51. Ke2 Bd6 52. Bf2 Kd7 53. Kd3 Ke6 54. Nf3 Be7 1-0

[Event "Verbandsliga Nordbaden 1617"]
[Site "Baden"]
[Date "2017.01.29"]
[Round "5.1"]
[White "Buecker, Stefan"]
[Black "Schwalfenberg, Joerg"]
[Result "1/2-1/2"]
[WhiteElo "2295"]
[BlackElo "2298"]
[PlyCount "90"]
[EventDate "2016.10.09"]
[EventType "team-tourn"]
[EventRounds "9"]
[EventCountry "GER"]
[SourceTitle "EXT 2022"]
[Source "ChessBase"]
[SourceDate "2021.10.06"]
[SourceVersion "1"]
[SourceVersionDate "2021.10.06"]
[SourceQuality "1"]
[WhiteTeam "Pforzheim"]
[BlackTeam "Heidelberg"]
[WhiteTeamCountry "GER"]
[BlackTeamCountry "GER"]

1. e4 c6 2. Nc3 d5 3. Nf3 Bg4 4. d3 e6 5. Be2 Nf6 6. 0-0 Be7 7. h3 Bxf3 8. Bxf3 0-0 9. Bg5 Nbd7 10. Kh1 Re8 11. Bf4 e5 12. Bd2 dxe4 13. Nxe4 Nxe4 14. dxe4 Bc5 15. b4 Bb6 16. Qe2 Nf8 17. c3 Ne6 18. g3 a5 19. a3 axb4 20. axb4 Qf6 21. Be3 Bxe3 22. Qxe3 g6 23. Bg4 h5 24. Be2 h4 25. Bg4 Rad8 26. Rad1 Kg7 27. Kg2 hxg3 28. fxg3 Qe7 29. h4 Rxd1 30. Rxd1 Rd8 31. Rh1 Qd6 32. Rd1 Qe7 33. Rf1 Rd6 34. Rf2 Nc7 35. Qc5 Ne8 36. Qe3 Rf6 37. Ra2 Rd6 38. Ra7 Nf6 39. Be2 Rd7 40. g4 Nh7 41. Kg3 Nf8 42. Ra2 Ne6 43. Rd2 Nf4 44. Bf1 Rxd2 45. Qxd2 Qe6 1/2-1/2

[Event "Verbandsliga Nordbaden 1617"]
[Site "Baden"]
[Date "2016.11.20"]
[Round "3.1"]
[White "Buecker, Stefan"]
[Black "Pfrommer, Christoph"]
[Result "0-1"]
[WhiteElo "2295"]
[BlackElo "2310"]
[PlyCount "136"]
[EventDate "2016.10.09"]
[EventType "team-tourn"]
[EventRounds "9"]
[EventCountry "GER"]
[SourceTitle "EXT 2022"]
[Source "ChessBase"]
[SourceDate "2021.10.06"]
[SourceVersion "1"]
[SourceVersionDate "2021.10.06"]
[SourceQuality "1"]
[WhiteTeam "Pforzheim"]
[BlackTeam "Karlsruhe"]
[WhiteTeamCountry "GER"]
[BlackTeamCountry "GER"]

1. e4 c5 2. a4 g6 3. d4 cxd4 4. Qxd4 Nf6 5. Nc3 Nc6 6. Qd2 Bg7 7. Bc4 0-0 8. Nge2 d6 9. 0-0 Bd7 10. f3 a6 11. Qe3 Rb8 12. Qf2 Ne5 13. Bb3 b5 14. Nf4 b4 15. Ncd5 Nxd5 16. Nxd5 Nc6 17. Rd1 Na5 18. Be3 Nxb3 19. cxb3 Be6 20. Rac1 Bxd5 21. Rxd5 Qd7 22. Rd2 Rfc8 23. Rdc2 e6 24. Rd1 Rxc2 25. Qxc2 d5 26. exd5 exd5 27. Qd3 d4 28. Qxa6 Qf5 29. Bf2 Qc2 30. Qd3 Qxb2 31. Be1 h5 32. Rb1 Qa2 33. Bd2 Re8 34. Rc1 Kh7 35. Re1 Rc8 36. Re2 Qc2 37. Qxc2 Rxc2 38. Rf2 d3 39. Be3 Bd4 40. Bxd4 d2 41. Rxd2 Rxd2 42. Bc5 Rb2 43. Bxb4 Rxb3 44. Be1 Ra3 45. a5 Ra2 46. h4 Kg7 47. Bc3+ Kf8 48. Bb4+ Ke8 49. Kh2 Kd7 50. Kh3 Kc6 51. g4 Kb5 52. Be1 Re2 53. Bg3 Kxa5 54. gxh5 gxh5 55. Bc7+ Kb5 56. Kg3 Kc6 57. Ba5 Ra2 58. Bd8 Ra4 59. Kf2 Kd5 60. Ke3 Ke5 61. Bc7+ Kf5 62. Bg3 Ra3+ 63. Ke2 Rb3 64. Bc7 Rc3 65. Bg3 Rc1 66. Ke3 Rh1 67. Ke2 Rg1 68. Bc7 Rh1 0-1

[Event "Verbandsliga Nordbaden 1617"]
[Site "Baden"]
[Date "2016.10.09"]
[Round "1.1"]
[White "Buecker, Stefan"]
[Black "Miltner, Arndt"]
[Result "0-1"]
[WhiteElo "2295"]
[BlackElo "2291"]
[PlyCount "70"]
[EventDate "2016.10.09"]
[EventType "team-tourn"]
[EventRounds "9"]
[EventCountry "GER"]
[SourceTitle "EXT 2022"]
[Source "ChessBase"]
[SourceDate "2021.10.06"]
[SourceVersion "1"]
[SourceVersionDate "2021.10.06"]
[SourceQuality "1"]
[WhiteTeam "Pforzheim"]
[BlackTeam "Buchen II"]
[WhiteTeamCountry "GER"]
[BlackTeamCountry "GER"]

1. b3 e5 2. Bb2 d6 3. e3 f5 4. f4 e4 5. c4 Nf6 6. Nc3 g6 7. Nh3 Bg7 8. Nf2 Na6 9. a3 c6 10. Qc2 Nc7 11. g4 fxg4 12. Ncxe4 0-0 13. Ng3 Qe7 14. 0-0-0 b5 15. h4 gxh3 16. Bxh3 bxc4 17. Qxc4+ d5 18. Qc2 Nb5 19. b4 a5 20. Qc5 Qb7 21. Nd3 axb4 22. Qxb4 Qa7 23. Ne5 Bxh3 24. Rxh3 Rfc8 25. d4 Bf8 26. Qb3 Nxa3 27. Rd3 Rcb8 28. Qa2 Qa4 29. Rc3 Bb4 30. Rxa3 Bxa3 31. Qxa3 Qxa3 32. Bxa3 Rxa3 33. f5 Kg7 34. fxg6 hxg6 35. Rh2 Ra1+ 0-1

[Event "Verbandsliga Nordbaden 1516"]
[Site "Baden"]
[Date "2015.12.13"]
[Round "4.1"]
[White "Buecker, Stefan"]
[Black "Farmani Anosheh, Armin"]
[Result "1-0"]
[WhiteElo "2287"]
[BlackElo "2256"]
[PlyCount "143"]
[EventDate "2015.09.27"]
[EventType "team-tourn"]
[EventRounds "9"]
[EventCountry "GER"]
[SourceTitle "EXT 2022"]
[Source "ChessBase"]
[SourceDate "2021.10.06"]
[SourceVersion "1"]
[SourceVersionDate "2021.10.06"]
[SourceQuality "1"]
[WhiteTeam "Pforzheim"]
[BlackTeam "Ladenburg"]
[WhiteTeamCountry "GER"]
[BlackTeamCountry "GER"]

1. b3 e5 2. Bb2 Nc6 3. Nf3 e4 4. Ne5 Nf6 5. d4 d6 6. Nxc6 bxc6 7. Qd2 Qe7 8. e3 h5 9. c4 g6 10. Qa5 h4 11. Nc3 Rh5 12. Qa4 Qd7 13. Be2 Rg5 14. g3 hxg3 15. hxg3 Bg7 16. Rh4 Kf8 17. Nxe4 Nxe4 18. Rxe4 c5 19. Qxd7 Bxd7 20. 0-0-0 a5 21. Rh4 a4 22. Bc3 axb3 23. axb3 cxd4 24. exd4 c5 25. Kb2 Re8 26. Rd2 Bc6 27. Bd1 Rf5 28. d5 Bb7 29. f4 Re3 30. Bxg7+ Kxg7 31. Bg4 Rf6 32. Rh3 g5 33. Rg2 Rh6 34. Rxh6 Kxh6 35. Bf5 Rf3 36. Be4 Re3 37. Bf5 Rf3 38. fxg5+ Kxg5 39. g4 Re3 40. Rh2 Re8 41. Rh7 Kf6 42. Rh6+ Ke7 43. Rh1 Kd8 44. Rh7 Rf8 45. g5 Bc8 46. Bxc8 Kxc8 47. Rg7 Kd8 48. Kc3 Ke8 49. b4 cxb4+ 50. Kxb4 Rh8 51. g6 fxg6 52. Kb5 Rh4 53. Rxg6 Kd7 54. Rg7+ Kc8 55. c5 dxc5 56. Kc6 Rh8 57. d6 c4 58. Rc7+ Kb8 59. Rb7+ Ka8 60. d7 c3 61. Rb3 c2 62. Rc3 Kb8 63. Rxc2 Rh6+ 64. Kd5 Rh5+ 65. Kd6 Rh6+ 66. Ke5 Rh5+ 67. Kf6 Rh8 68. Rh2 Rxh2 69. d8Q+ Kb7 70. Qd7+ Ka8 71. Qc6+ Ka7 72. Qc7+ 1-0

[Event "Bayern-chI Bank Hofmann 19th"]
[Site "Bad Wiessee"]
[Date "2015.11.03"]
[Round "4"]
[White "Buecker, Stefan"]
[Black "Das, Arghyadip"]
[Result "0-1"]
[WhiteElo "2287"]
[BlackElo "2467"]
[PlyCount "82"]
[EventDate "2015.10.31"]
[EventType "swiss"]
[EventRounds "9"]
[EventCountry "GER"]
[SourceTitle "CBM 169 Extra"]
[Source "ChessBase"]
[SourceDate "2015.12.18"]
[SourceVersion "1"]
[SourceVersionDate "2015.12.18"]
[SourceQuality "1"]

1. b3 g6 2. Bb2 Nf6 3. Bxf6 exf6 4. c4 d5 5. cxd5 Qxd5 6. Nc3 Qa5 7. g3 Ba3 8. Bg2 c6 9. Qc2 Bf5 10. e4 Bd7 11. Nge2 Na6 12. d4 h5 13. h3 h4 14. g4 f5 15. f3 0-0-0 16. 0-0 Kb8 17. Rad1 Bc8 18. Nb1 Be7 19. Qb2 Nc7 20. Kh1 Bf6 21. Na3 Ne6 22. Nc4 Qc7 23. e5 Be7 24. Ne3 f4 25. d5 fxe3 26. dxe6 Bxe6 27. Qc3 Rxd1 28. Rxd1 Rd8 29. Rxd8+ Qxd8 30. Qxe3 Qd1+ 31. Kh2 b6 32. Nc3 Qa1 33. Na4 Qxa2 34. Nc3 Qxb3 35. Qd2 Qb4 36. f4 Bd5 37. f5 gxf5 38. gxf5 Bc5 39. Bxd5 cxd5 40. Kg2 Bd4 41. e6 fxe6 0-1

[Event "Bayern-chI Bank Hofmann 19th"]
[Site "Bad Wiessee"]
[Date "2015.11.01"]
[Round "3"]
[White "Buecker, Stefan"]
[Black "Troidl, Thomas"]
[Result "1-0"]
[WhiteElo "2287"]
[BlackElo "1976"]
[PlyCount "67"]
[EventDate "2015.10.31"]
[EventType "swiss"]
[EventRounds "9"]
[EventCountry "GER"]
[SourceTitle "EXT 2017"]
[Source "ChessBase"]
[SourceDate "2016.10.25"]
[SourceVersion "1"]
[SourceVersionDate "2016.10.25"]
[SourceQuality "1"]

1. e4 c5 2. a4 Nc6 3. Bb5 g6 4. Ne2 Bg7 5. 0-0 Nf6 6. d3 0-0 7. Bxc6 bxc6 8. Nbc3 d5 9. f3 d4 10. Nb1 e5 11. Na3 Be6 12. b3 Nd7 13. f4 f5 14. exf5 Rxf5 15. Ng3 Rf8 16. Nc4 Qh4 17. Nxe5 Nxe5 18. fxe5 Bg4 19. Rxf8+ Rxf8 20. Qe1 Re8 21. Qf1 Bxe5 22. Bf4 Rf8 23. Bxe5 Rxf1+ 24. Rxf1 Qg5 25. Bf4 Qe7 26. Bh6 g5 27. Ne4 Be2 28. Rf2 Bd1 29. Kf1 g4 30. Rf8+ Qxf8+ 31. Bxf8 Kxf8 32. Ke1 Bxc2 33. Nxc5 Ke7 34. Kd2 1-0

[Event "Verbandsliga Nordbaden 1415"]
[Site "Baden"]
[Date "2015.02.08"]
[Round "6.1"]
[White "Bogdanovich, Grigory Grigorievic"]
[Black "Buecker, Stefan"]
[Result "0-1"]
[WhiteElo "2333"]
[BlackElo "2301"]
[PlyCount "76"]
[EventDate "2014.10.12"]
[EventType "team-tourn"]
[EventRounds "9"]
[EventCountry "GER"]
[SourceTitle "EXT 2022"]
[Source "ChessBase"]
[SourceDate "2021.10.06"]
[SourceVersion "1"]
[SourceVersionDate "2021.10.06"]
[SourceQuality "1"]
[WhiteTeam "Bad Mergentheim II"]
[BlackTeam "Pforzheim"]
[WhiteTeamCountry "GER"]
[BlackTeamCountry "GER"]

1. d4 f5 2. Nc3 Nf6 3. Bg5 d5 4. f3 c5 5. e4 Nc6 6. dxc5 d4 7. Bxf6 exf6 8. Nd5 Bxc5 9. Bc4 Be6 10. Nc7+ Qxc7 11. Bxe6 fxe4 12. fxe4 Qe7 13. Bd5 f5 14. Qe2 Nb4 15. Qb5+ Kd8 16. 0-0-0 fxe4 17. Qxb7 Qg5+ 18. Kb1 Qxd5 19. Qxd5+ Nxd5 20. Ne2 d3 21. cxd3 e3 22. Rhf1 Ke7 23. Nf4 Kd6 24. d4 Bb6 25. Ne2 Rhf8 26. Kc2 Rf2 27. Kd3 Re8 28. a3 Rxg2 29. Rf5 Rf2 30. Rf1 Rxf1 31. Rxf1 g5 32. Ng3 Nf4+ 33. Kc4 Rc8+ 34. Kb3 e2 35. Re1 Bxd4 36. Ne4+ Kd5 37. Nc3+ Bxc3 38. bxc3 Ke4 0-1

[Event "Verbandsliga Nord Baden 1314"]
[Site "Germany"]
[Date "2014.02.02"]
[Round "5.1"]
[White "Buecker, Stefan"]
[Black "Noe, Christopher"]
[Result "0-1"]
[WhiteElo "2301"]
[BlackElo "2276"]
[PlyCount "80"]
[EventDate "2013.10.20"]
[EventType "team-tourn"]
[EventRounds "9"]
[EventCountry "GER"]
[SourceTitle "EXT 2015"]
[Source "ChessBase"]
[SourceDate "2014.11.20"]
[SourceVersion "1"]
[SourceVersionDate "2014.11.20"]
[SourceQuality "1"]
[WhiteTeam "Pforzheim"]
[BlackTeam "Eppingen II"]
[WhiteTeamCountry "GER"]
[BlackTeamCountry "GER"]

1. e4 c5 2. a4 e6 3. Nc3 Nc6 4. Bb5 Nd4 5. Nf3 Ne7 6. Nxd4 cxd4 7. Ne2 a6 8. Bd3 Nc6 9. 0-0 Bc5 10. c3 0-0 11. b4 Bb6 12. Nf4 Qc7 13. Nh3 Ne5 14. Bb1 d5 15. Qe2 dxe4 16. Qxe4 f5 17. Qf4 Ng4 18. Ba2 Qe7 19. g3 Kh8 20. cxd4 Bd7 21. Bb2 Rac8 22. Bc3 Rf6 23. Rfe1 Rh6 24. Qxf5 e5 25. Qg5 Qf8 26. Re4 Bd8 27. Rxg4 Bxg5 28. Nxg5 Rf6 29. Rh4 h6 30. dxe5 Rxf2 31. Bd4 Rxd2 32. e6 Rxa2 33. Nf7+ Kh7 34. Rxa2 Bxe6 35. Ng5+ Kg8 36. Rf2 Rc1+ 37. Kg2 Bd5+ 38. Nf3 g5 39. Rg4 Qf5 40. Be3 Bxf3+ 0-1

[Event "Verbandsliga Nord Baden 1314"]
[Site "Germany"]
[Date "2014.01.12"]
[Round "4.1"]
[White "Chernov, Vadim A"]
[Black "Buecker, Stefan"]
[Result "1-0"]
[WhiteElo "2445"]
[BlackElo "2301"]
[PlyCount "67"]
[EventDate "2013.10.20"]
[EventType "team-tourn"]
[EventRounds "9"]
[EventCountry "GER"]
[SourceTitle "EXT 2015"]
[Source "ChessBase"]
[SourceDate "2014.11.20"]
[SourceVersion "1"]
[SourceVersionDate "2014.11.20"]
[SourceQuality "1"]
[WhiteTeam "Ladenburg"]
[BlackTeam "Pforzheim"]
[WhiteTeamCountry "GER"]
[BlackTeamCountry "GER"]

1. e4 Nf6 2. e5 Nd5 3. d4 d6 4. Nf3 dxe5 5. Nxe5 c6 6. Bc4 Nd7 7. Nf3 N7f6 8. h3 Bf5 9. 0-0 e6 10. Bb3 Be7 11. Nh4 Bg6 12. Nxg6 hxg6 13. c4 Nc7 14. Be3 Ne4 15. Qf3 f5 16. Nc3 Nd6 17. Rfe1 g5 18. Rad1 Bf6 19. d5 cxd5 20. cxd5 e5 21. Bc5 g6 22. g4 Rh4 23. Bxd6 Qxd6 24. gxf5 0-0-0 25. Ne4 Qb6 26. d6 Rf4 27. Qe3 Qxe3 28. Rxe3 Rxe4 29. Rxe4 Nb5 30. d7+ Kc7 31. fxg6 Nd4 32. h4 Nf3+ 33. Kh1 Nxh4 34. Rc4+ 1-0

[Event "Verbandsliga Nord Baden 1314"]
[Site "Germany"]
[Date "2013.12.08"]
[Round "3.1"]
[White "Buecker, Stefan"]
[Black "Schrems, Hermann"]
[Result "0-1"]
[WhiteElo "2301"]
[BlackElo "2175"]
[PlyCount "94"]
[EventDate "2013.10.20"]
[EventType "team-tourn"]
[EventRounds "9"]
[EventCountry "GER"]
[SourceTitle "EXT 2015"]
[Source "ChessBase"]
[SourceDate "2014.11.20"]
[SourceVersion "1"]
[SourceVersionDate "2014.11.20"]
[SourceQuality "1"]
[WhiteTeam "Pforzheim"]
[BlackTeam "Weinheim"]
[WhiteTeamCountry "GER"]
[BlackTeamCountry "GER"]

1. e4 Nf6 2. Qe2 e5 3. c3 Nc6 4. Nf3 d6 5. h3 g6 6. d3 Bg7 7. Bg5 h6 8. Be3 Qe7 9. c4 Nd8 10. Nc3 c6 11. 0-0-0 a6 12. Qd2 b5 13. a3 Be6 14. g4 Nd7 15. Kb1 Nb7 16. cxb5 axb5 17. d4 Bb3 18. Re1 Na5 19. d5 c5 20. Nxb5 Nb6 21. Bxc5 dxc5 22. d6 Qb7 23. Nc7+ Kd8 24. Nxa8 Qxa8 25. Bb5 Bc4 26. Bxc4 Naxc4 27. Qc3 Kd7 28. Nd2 Nxd6 29. Nb3 c4 30. Nc5+ Ke7 31. Rd1 Qc6 32. Qb4 Rb8 33. Na6 Rc8 34. f3 Bf8 35. Qc3 f6 36. Nb4 Qb7 37. Rh2 Kf7 38. Ka1 Nb5 39. Qe1 c3 40. bxc3 Nxc3 41. Rb1 Qa7 42. Na2 Nxb1 43. Qxb1 Nc4 44. Rc2 Qd4+ 45. Nc3 Rc7 46. Qb3 Kg7 47. a4 Ne3 0-1